[Event "Selfoss Chess Festival 2019"]
[Site "Selfoss"]
[Date "2019.11.24"]
[Round "5.1"]
[White "Stefansson, Hannes"]
[Black "Gretarsson, Helgi Ass"]
[Result "1-0"]
[WhiteElo "2546"]
[BlackElo "2415"]
[Annotator "TA"]
[PlyCount "58"]
[EventDate "2019.11.19"]
[EventCountry "ISL"]
[SourceTitle "playchess.com"]
[Source "ChessBase"]
[SourceQuality "1"]

{[%evp 9,58,30,45,41,27,31,42,47,30,52,50,34,50,50,54,31,61,76,75,54,64,57,49,40,64,58,63,59,78,12,12,11,11,11,11,11,10,15,13,12,24,22,35,34,36,19,129,129,130,134,1084]} 1. e4 e5 2. Nf3 Nc6 3. Bb5 a6 4. Ba4 g6 5. d4 b5 6. Bb3 {C70: Ruy Lopez: 3...a6 4 Ba4, Norwegian and Delayed Schliemann} exd4 7. a4 {[#] Black must now prevent axb5.} (7. Nxd4 Na5 8. O-O Bg7 9. Re1 Ne7 10. e5 O-O 11. Bg5 c5 12. Bd5 Rb8 13. Nb3 Nxb3 14. axb3 {0-1 (31) Kramnik,V (2792)-Mamedyarov,S (2808) Paris 2018}) 7... b4 8. Nxd4 {White is slightly better.} Na5 9. Bd5 c6 10. Ba2 Bg7 11. c3 $146 ({Predecessor:} 11. O-O Ne7 12. c3 c5 13. cxb4 cxd4 {1-0 (33) Lagarde,M (2609)-Yankelevich,L (2411) Porticcio 2018}) 11... c5 12. cxb4 cxd4 13. bxa5 Ne7 14. O-O (14. Nd2 {is more complex.} d5 15. O-O O-O 16. b4 Bb7 17. e5) 14... O-O 15. Bf4 d5 $1 16. Nd2 Bb7 17. Re1 dxe4 18. Nxe4 Nd5 19. Bd2 (19. Bg3 $16) 19... Ne3 $1 $11 {[%cal Re3d1]} 20. Bxe3 dxe3 21. Rxe3 Bxb2 {Strongly threatening ...Bxe4.} 22. Rb1 {aiming for Nd6.} Qxd1+ 23. Rxd1 Bc6 24. Nd6 Bxa4 25. Rb1 $36 {[%mdl 2048] White has good play.} Rad8 26. Nxf7 Rxf7 27. h3 Bd4 (27... Bf6 $1 $11) 28. Re7 $16 {[%mdl 1088] Pin. White has strong compensation.} Be8 {[#]} 29. Rbb7 $1 Bc5 $2 {[%mdl 8192] Accuracy: White = 67%, Black = 52%.} (29... Bxf2+ $16 30. Kh2 Kh8 31. Bxf7 Bc6) 1-0

[Event "Selfoss Chess Festival 2019"]
[Site "Selfoss"]
[Date "2019.11.24"]
[Round "5.2"]
[White "Zhigalko, Sergei"]
[Black "Saduakassova, Dinara"]
[Result "1/2-1/2"]
[WhiteElo "2574"]
[BlackElo "2505"]
[Annotator "TA"]
[PlyCount "78"]
[EventDate "2019.11.19"]
[EventCountry "ISL"]
[SourceTitle "playchess.com"]
[Source "ChessBase"]
[SourceQuality "1"]

{[%evp 18,78,0,0,8,6,12,19,20,36,24,37,31,31,23,14,26,16,15,0,0,0,0,0,0,0,0,0,0,0,0,0,0,0,0,0,0,0,14,0,0,0,0,0,0,0,0,0,0,0,0,0,0,0,0,0,0,0,0,0,0,0,0]} 1. c4 c5 2. Nc3 g6 3. g3 Bg7 4. Bg2 Nc6 5. Nf3 e5 6. O-O Nge7 7. d3 O-O 8. a3 d6 9. Rb1 a5 10. Bg5 Be6 {A37: Symmetrical English vs ...g6: 4 Bg2 Bg7 5 Nf3} (10... f6 11. Bd2 Be6 12. Ne1 d5 13. cxd5 Nxd5 14. Qb3 Nc7 15. Qb6 Nd4 16. Nf3 Ra6 17. Qxb7 Nxe2+ 18. Kh1 Nxc3 19. bxc3 Bd5 20. Qb2 {0-1 (59) Svidler,P (2745)-Giri,A (2755) Moscow 2016}) 11. Bxe7 Qxe7 12. Ne1 Rab8 13. Nc2 Nd4 $146 ({Predecessor:} 13... Qd7 14. b4 axb4 15. axb4 b6 16. b5 Ne7 17. Ne3 f5 18. Qc2 {0-1 (40) Schimnatkowski,L (2015)-Sabirov,R (2094) Willingen 2017}) 14. b4 axb4 15. axb4 b5 16. Nxd4 exd4 17. Nxb5 cxb4 $1 {The position is equal.} 18. Qa4 d5 $1 {[%cal Rd5c4]} 19. Qxb4 Qxb4 20. Rxb4 dxc4 21. dxc4 Rfc8 22. Bd5 Bxd5 23. cxd5 Rc5 24. Rfb1 Rxd5 25. Nc7 Rxb4 26. Rxb4 $11 {[%mdl 4096] Endgame KRB-KRN} Rd8 27. Rb3 h5 28. Na6 Bf8 29. Rb8 Rxb8 30. Nxb8 {KB-KN} Bd6 31. Nc6 Bc5 32. Kf1 Kg7 33. Ke1 Kf6 34. Kd2 Ke6 35. Kd3 Kd5 36. Na5 Bb4 37. Nc4 Be1 38. e4+ dxe3 39. Nxe3+ Ke5 {Accuracy: White = 69%, Black = 81%.} 1/2-1/2

[Event "Selfoss Chess Festival 2019"]
[Site "Selfoss"]
[Date "2019.11.24"]
[Round "5.3"]
[White "Steingrimsson, Hedinn"]
[Black "Adly, Ahmed"]
[Result "0-1"]
[WhiteElo "2549"]
[BlackElo "2607"]
[Annotator "TA"]
[PlyCount "74"]
[EventDate "2019.11.19"]
[EventCountry "ISL"]
[SourceTitle "playchess.com"]
[Source "ChessBase"]
[SourceQuality "1"]

{[%evp 12,102,43,0,0,0,0,0,25,-16,0,0,0,0,0,0,54,57,71,31,29,33,47,26,5,0,52,-15,-18,-29,-36,-33,-30,-30,-35,-43,-38,-37,-38,-73,-74,-115,-125,-176,-169,-191,-175,-172,-167,-234,-193,-205,-147,-230,-227,-216,-229,-226,-227,-319,-318,-394,-394,-353,-310,-303,-302,-566,-578,-568,-572,-548,-502,-514,-372,-567,-553,-537,-515,-885,-856,-781,-756,-29967,-29967,-29964,-12572,-29977,-29976,-29976,-5901,-5497,-4624]} 1. d4 Nf6 2. c4 e6 3. Nc3 d5 4. cxd5 Nxd5 5. e4 Nxc3 6. bxc3 c5 7. a3 Be7 {D35: Queen's Gambit Declined: Exchange Variation} (7... g6 8. Nf3 Bg7 9. Be2 O-O 10. O-O cxd4 11. cxd4 Nc6 12. Bg5 Qd6 13. e5 Qd5 14. Rc1 h6 15. Be3 {0-1 (46) Yu,Y (2784)-Dominguez Perez,L (2752) Hengshui 2019}) 8. Nf3 O-O 9. Bd3 b6 {The position is equal.} 10. Qe2 Bb7 11. O-O $146 ({Predecessor:} 11. Bb2 Nc6 12. Rd1 Na5 13. O-O Rc8 14. Ne5 cxd4 {1-0 (30) Lai,H (2417)-Lopez,J (2219) Netherlands 2016}) 11... Nc6 {[%cal Rc5d4]} 12. Bb2 Rc8 13. Rad1 cxd4 (13... Na5 $11) 14. cxd4 $14 {And now d5! would win.} Na5 15. Ne5 (15. d5 $5) 15... Bd6 16. d5 Qe7 17. dxe6 Qxe6 18. f4 f6 (18... Rfe8 $11) 19. f5 ({White should try} 19. Nf3 $1 $14) 19... Qe7 $11 20. Nc4 Nxc4 21. Bxc4+ Kh8 22. Be6 Rcd8 23. a4 Be5 $36 {[%mdl 2048] Black fights for an advantage.} 24. Bxe5 Qc5+ {[%mdl 64] Double Attack} 25. Kh1 Qxe5 26. Rxd8 Rxd8 27. Rd1 (27. h3 $17 {was necessary.}) 27... Rd4 $19 28. h3 Qxe4 {( -> ...Rxd1+)} 29. Rxd4 Qxd4 ({Stronger than} 29... Qxe2 30. Rd8#) 30. Qb5 (30. Qc2 $142) 30... Qd8 31. a5 g5 32. a6 (32. axb6 $17 axb6 33. Bb3) 32... Qd1+ 33. Kh2 {Intending Qe8+ and mate.} Qd6+ 34. Kh1 {White wants to mate with Qe8+.} Bc6 35. Qc4 {[#]} (35. Qe2 $142) 35... Kg7 $1 36. Bc8 Qd1+ 37. Kh2 {[#]} Qa4 {Played: Qd1-d5} 0-1

[Event "Selfoss Chess Festival 2019"]
[Site "Selfoss"]
[Date "2019.11.24"]
[Round "5.4"]
[White "Leitao, Rafael"]
[Black "Antipov, Mikhail Al."]
[Result "1/2-1/2"]
[WhiteElo "2606"]
[BlackElo "2558"]
[Annotator "TA"]
[PlyCount "65"]
[EventDate "2019.11.19"]
[EventCountry "ISL"]
[SourceTitle "playchess.com"]
[Source "ChessBase"]
[SourceQuality "1"]

{[%evp 9,65,19,22,17,25,-4,25,8,18,12,33,27,31,28,61,30,36,25,30,36,30,31,27,-34,0,0,0,0,0,0,0,0,0,0,0,0,0,0,48,48,56,49,75,75,78,74,75,43,43,43,78,78,85,85,85,85,85,85]} 1. c4 g6 2. Nc3 Bg7 3. g3 c5 4. Bg2 h5 5. Nf3 Nc6 6. a3 {A34: Symmetrical English: 2 Nc3, lines with ...d5} Nh6 7. b4 $146 {[%cal Bb2b4,Bb4b5][%mdl 32]} ({Predecessor:} 7. Rb1 a5 8. d3 Nf5 9. h3 d6 10. Bd2 Ne5 11. b4 axb4 12. axb4 Ra3 13. Nb5 {1-0 (46) Tkachiev,V (2657)-Shcherbakov,R (2558) Neum 2000}) 7... d6 (7... Nxb4 $5 8. axb4 cxb4 $11) 8. Bb2 {White has an edge.} Nf5 9. b5 Ncd4 10. e3 Nxf3+ 11. Bxf3 Nh6 12. Qc2 Rb8 13. Nd5 Kf8 14. Bxg7+ Kxg7 15. Qb2+ e5 16. O-O-O ({Better is} 16. h4 $11) 16... Bg4 (16... Ng4 $5 {[%cal Rg4f2]} 17. d4 cxd4 $11) 17. Bxg4 Nxg4 18. d3 Nf6 19. Nxf6 Qxf6 20. f4 h4 21. g4 exf4 22. Qxf6+ Kxf6 $11 {[%mdl 4096] Endgame KRR-KRR} 23. Rhf1 Kg7 24. Rxf4 Rbe8 25. Kd2 g5 26. Rf5 f6 27. Rdf1 Re6 28. h3 Rhe8 29. e4 Rf8 30. a4 {[%cal Ba3a4,Ba4a5][%mdl 32] White is better.} Re5 31. a5 Rxf5 32. Rxf5 Kf7 33. Ke3 {Accuracy: White = 59%, Black = 28%.} 1/2-1/2

[Event "Selfoss Chess Festival 2019"]
[Site "Selfoss"]
[Date "2019.11.24"]
[Round "5.5"]
[White "Khademalsharieh, Sarasadat"]
[Black "Lomasov, Semyon"]
[Result "1/2-1/2"]
[WhiteElo "2491"]
[BlackElo "2553"]
[Annotator "TA"]
[PlyCount "59"]
[EventDate "2019.11.19"]
[EventCountry "ISL"]
[SourceTitle "playchess.com"]
[Source "ChessBase"]
[SourceQuality "1"]

{[%evp 15,59,27,36,15,22,27,27,27,34,25,24,23,33,-23,-25,-26,-17,-47,-12,-6,31,20,27,23,33,0,13,6,36,20,24,26,51,44,70,73,70,26,26,28,30,5,5,-12,0,0]} 1. d4 Nf6 2. c4 e6 3. Nf3 b6 4. a3 Ba6 5. Qc2 Bb7 6. Nc3 c5 7. e4 cxd4 8. Nxd4 Bc5 9. Nf3 {E12: Queen's Indian: Unusual White 4th moves, 4 a3, 4 Nc3 Bb7 5 a3 and 4 Nc3 Bb7} Nc6 (9... Ng4 10. Nd1 Qf6 11. Rb1 Qg6 12. Bd3 Nf6 13. Ng5 Ng4 14. b4 Be7 15. h4 Nc6 16. Ne3 Nge5 {0-1 (28) Duda,J (2717)-Korobov,A (2652) Riadh 2017}) 10. Bf4 Nh5 11. Bd2 {White has an edge.} Qb8 $146 ({Predecessor:} 11... a6 12. b4 Bd6 13. g3 Nf6 14. Be2 Rc8 15. O-O Ne5 16. Nxe5 Bxe5 {½-½ (42) Timman,J (2590)-Polugaevsky,L (2585) Reykjavik 1987}) 12. b4 Bd6 13. Rd1 O-O 14. Be3 (14. Be2 $14) 14... Ne5 $11 15. Nxe5 Bxe5 16. Rxd7 Nf6 17. Rd1 $1 Bxc3+ 18. Qxc3 {f3 is the strong threat.} Nxe4 19. Qb2 Nd6 20. f3 Nf5 21. Bf2 Qf4 22. Qd2 Qc7 23. Bd3 Rfd8 24. O-O Rd7 25. Qc2 Rad8 26. c5 bxc5 27. Bxc5 a6 28. Qb1 h6 29. Be4 Nd4 30. Bxb7 {Accuracy: White = 56%, Black = 49%.} 1/2-1/2

[Event "Selfoss Chess Festival 2019"]
[Site "Selfoss"]
[Date "2019.11.25"]
[Round "6.1"]
[White "Gretarsson, Helgi Ass"]
[Black "Lomasov, Semyon"]
[Result "1/2-1/2"]
[WhiteElo "2415"]
[BlackElo "2553"]
[Annotator "TA"]
[PlyCount "61"]
[EventDate "2019.11.19"]
[EventType "tourn"]
[EventCountry "ISL"]
[SourceTitle "playchess.com"]
[Source "ChessBase"]
[SourceQuality "1"]

{[%evp 11,61,11,13,12,7,-18,6,4,7,0,0,0,8,-2,1,8,20,7,32,13,20,0,0,0,0,0,0,-26,-20,-21,-18,-11,0,0,0,-10,-14,-25,0,0,0,0,0,-11,-8,-14,-12,-12,-4,-14,-8,-6]} 1. Nf3 Nf6 2. g3 c5 3. Bg2 g6 4. O-O Bg7 5. d4 cxd4 6. Nxd4 O-O 7. e4 {A49: 1 d4 Nf6 2 Nf3 g6 3 g3: Anti-King's Indian systems} (7. c4 Qc7 8. b3 Nc6 9. Bb2 d6 10. Nc3 Bd7 11. Rc1 Qa5 12. Nd5 Nxd5 13. cxd5 Nxd4 14. Bxd4 Rfc8 15. Bxg7 Kxg7 16. Qd4+ f6 17. a4 b5 18. axb5 Qxb5 {1-0 (34) Huebner,R (2574)-Kovalenko,I (2684) Puhajarve 2016}) 7... Nc6 8. Ne2 b6 9. Nbc3 Ba6 10. h3 Rc8 11. Re1 d6 12. Rb1 Nd7 13. Bg5 h6 14. Be3 Kh7 15. a3 $146 ({Predecessor:} 15. a4 Bb7 16. Qd2 Na5 17. b3 Qc7 18. Bd4 Ba6 19. Rbc1 Bxd4 20. Qxd4 Bxe2 21. Nxe2 {1-0 (46) Kudrin,S (2460)-Thorsteinsson,T (2325) Reykjavik 1986}) 15... Bb7 16. b3 a6 17. Qd2 b5 18. Rec1 Qa5 19. a4 (19. Rd1 {feels hotter.} Qxa3 20. e5 Ndxe5 21. f4 Nd7 22. b4) 19... bxa4 20. Nxa4 Qxd2 21. Bxd2 Nd4 22. Nxd4 Bxd4 23. c3 Ba7 24. Re1 Ne5 25. Be3 {The position is equal.} Bxe3 26. Rxe3 Bc6 27. Ra1 Rb8 28. f4 Nd7 29. b4 a5 30. bxa5 Rb5 31. Nb6 {Accuracy: White = 64%, Black = 74%.} 1/2-1/2

[Event "Selfoss Chess Festival 2019"]
[Site "Selfoss"]
[Date "2019.11.25"]
[Round "6.2"]
[White "Antipov, Mikhail Al."]
[Black "Khademalsharieh, Sarasadat"]
[Result "0-1"]
[WhiteElo "2558"]
[BlackElo "2491"]
[Annotator "TA"]
[PlyCount "48"]
[EventDate "2019.11.19"]
[EventType "tourn"]
[EventCountry "ISL"]
[SourceTitle "playchess.com"]
[Source "ChessBase"]
[SourceQuality "1"]

{[%evp 11,48,15,16,13,27,28,23,-61,-45,-112,-100,-145,-91,-96,-84,-147,-147,-227,-107,-187,-190,-333,-327,-335,-335,-456,-454,-406,-420,-379,-397,-582,-594,-937,-942,-5497,-1289,-1375,-1309]} 1. e4 e5 2. Nf3 Nc6 3. Bc4 Bc5 4. O-O Nf6 5. d3 d6 6. c3 a6 7. a4 {C54: Giuoco Piano: 4 c3 Nf6, main lines with 5 d4 and 5 d3} Ba7 8. Re1 $146 ({Predecessor:} 8. Nbd2 Ne7 9. Re1 Ng6 10. Nf1 O-O 11. Ng3 c6 12. Bb3 Re8 {½-½ (42) Giri,A (2797)-Mamedyarov,S (2790) Shamkir 2019}) 8... Ng4 9. d4 (9. Re2 $11) 9... exd4 $15 10. Bg5 {[#]} (10. cxd4 $15 Nxd4 11. Nxd4) 10... f6 $1 $17 {[%cal Rf6g5]} 11. Bh4 {[%cal Rc3d4]} Nge5 ({Black should try} 11... h5 12. Bg3 (12. Nxd4 $2 g5 $19) 12... Nge5) 12. Nxe5 dxe5 13. Kh1 (13. Qh5+ $142 g6 14. Qf3) 13... Qd6 14. f4 (14. Qh5+ $17 g6 15. Qh6) 14... Bd7 (14... exf4 $19 {has better winning chances. Hoping for ...Ne5.} 15. Qh5+ g6) 15. fxe5 (15. Bd5 $17 {was necessary.}) 15... Nxe5 $19 16. Bd5 (16. Bg3 $142) 16... Ng4 {[%csl Gg4][%cal Rd6h2]} 17. e5 Qxd5 18. exf6+ Kf8 19. fxg7+ Kxg7 20. Re7+ Kg6 ({And not} 20... Kg8 21. cxd4 Rf8 22. Nc3 $15) 21. h3 (21. Qd3+ $142 Qf5 22. Re4) 21... Rae8 {Strongly threatening ...Rxe7.Black is clearly winning.} 22. Rxe8 Rxe8 23. hxg4 Bc6 (23... Re3 $142 24. Bf2 Rh3+ 25. Kg1 {[#]} Bc6 $1 {[%mdl 512]}) 24. Qf1 {[#]} Rf8 $1 {[%mdl 512] Accuracy: White = 28%, Black = 69%.} 0-1

[Event "Selfoss Chess Festival 2019"]
[Site "Selfoss"]
[Date "2019.11.25"]
[Round "6.3"]
[White "Adly, Ahmed"]
[Black "Leitao, Rafael"]
[Result "1/2-1/2"]
[WhiteElo "2607"]
[BlackElo "2606"]
[Annotator "TA"]
[PlyCount "40"]
[EventDate "2019.11.19"]
[EventType "tourn"]
[EventCountry "ISL"]
[SourceTitle "playchess.com"]
[Source "ChessBase"]
[SourceQuality "1"]

{[%evp 15,40,19,27,13,23,11,11,5,8,0,0,0,0,0,0,-5,0,0,0,-61,0,0,0,0,0,-22,-21]} 1. d4 Nf6 2. Nf3 ({Predecessor:} 2. c4 e6 3. g3 d5 4. Nf3 Be7 {1-0 (60) Burmakin,V (2508)-Braun,P (2261) Graz 2005}) 2... e6 3. g3 d5 4. Bg2 Be7 5. c4 O-O 6. O-O dxc4 7. Qc2 a6 8. a4 Bd7 9. Bg5 $146 {E05: Open Catalan: 5 Nf3 Be7} (9. Rd1 Bc6 10. Bg5 b5 11. Bxf6 Bxf6 12. Nc3 Qe8 13. d5 exd5 14. Nd4 Qe5 15. e4 dxe4 16. axb5 axb5 17. Nxc6 Nxc6 18. Rxa8 Rxa8 19. Qxe4 Qxe4 20. Bxe4 {½-½ (32) Rapport,R (2726)-Giri,A (2797) Shenzhen 2019}) 9... Bc6 10. Bxf6 Bxf6 11. Rd1 a5 12. Qxc4 Na6 13. Nc3 Bd5 14. Qd3 Nb4 15. Qb1 Bxf3 (15... g6 {keeps more tension.} 16. e4 Bc6 17. Qc1 Qe7 18. Qd2 Bg7) 16. Bxf3 c6 17. h4 (17. Ne4 $11) 17... Qe7 (17... Bxd4 $15 18. e3 Qf6 19. Rxd4 Qxf3) 18. e3 {The position is equal.} Rad8 19. Kg2 g6 20. Ra3 Bg7 {Accuracy: White = 56%, Black = 69%.} 1/2-1/2

[Event "Selfoss Chess Festival 2019"]
[Site "Selfoss"]
[Date "2019.11.25"]
[Round "6.4"]
[White "Saduakassova, Dinara"]
[Black "Steingrimsson, Hedinn"]
[Result "1/2-1/2"]
[WhiteElo "2505"]
[BlackElo "2549"]
[Annotator "TA"]
[PlyCount "42"]
[EventDate "2019.11.19"]
[EventType "tourn"]
[EventCountry "ISL"]
[SourceTitle "playchess.com"]
[Source "ChessBase"]
[SourceQuality "1"]

{[%evp 11,42,11,20,11,5,11,16,0,13,15,15,6,6,15,13,10,15,25,8,0,21,12,23,36,52,34,33,27,47,57,51,0,37]} 1. e4 c5 2. Nf3 d6 3. Bb5+ Bd7 4. Bxd7+ Nxd7 5. O-O Ngf6 6. Qe2 Rc8 7. b3 {B52: Sicilian: Moscow Variation with 3...Bd7} g6 8. Bb2 Bg7 (8... e5 9. d3 Bg7 10. Nc3 Nf8 11. Nd2 Ne6 12. Nc4 a6 13. a4 O-O 14. g3 Nd4 {½-½ (43) Anand,V (2767)-Vachier Lagrave,M (2779) Zagreb 2019}) 9. c4 O-O 10. d4 cxd4 11. Nxd4 a6 12. Nc3 Qa5 $146 ({Predecessor:} 12... Re8 13. Rfd1 Qa5 {½-½ (27) Skulener,W (2375)-Capone,N (2262) Belgium 2015}) 13. Rac1 Rfe8 14. Rfd1 e6 15. h3 Nh5 16. Qd2 Ne5 17. Rc2 Red8 18. Na4 Qc7 19. Qe3 Qa5 {Black wants to play ...Nxc4!} 20. Bc3 Qc7 21. Bb2 Qa5 {Accuracy: White = 64%, Black = 54%.} 1/2-1/2

[Event "Selfoss Chess Festival 2019"]
[Site "Selfoss"]
[Date "2019.11.25"]
[Round "6.5"]
[White "Stefansson, Hannes"]
[Black "Zhigalko, Sergei"]
[Result "1/2-1/2"]
[WhiteElo "2546"]
[BlackElo "2574"]
[Annotator "TA"]
[PlyCount "48"]
[EventDate "2019.11.19"]
[EventType "tourn"]
[EventCountry "ISL"]
[SourceTitle "playchess.com"]
[Source "ChessBase"]
[SourceQuality "1"]

{[%evp 20,48,8,9,16,8,6,0,14,2,17,16,22,12,12,18,15,14,9,13,18,0,0,0,14,0,25,0,0,-29,-8]} 1. d4 Nf6 2. c4 e6 3. Nf3 b6 4. a3 Bb7 5. Nc3 d5 6. Bg5 Be7 7. Qa4+ c6 8. Bxf6 Bxf6 9. cxd5 exd5 10. g3 O-O 11. Bg2 Na6 {[%cal Bb8a6,Ba6c7,Bc7e8,Be8d6][%mdl 32] E12: Queen's Indian: Unusual White 4th moves, 4 a3, 4 Nc3 Bb7 5 a3 and 4 Nc3 Bb7} 12. O-O Nc7 13. Rfd1 Re8 {The position is equal.} 14. Rac1 g6 15. e3 Bg7 16. Ne1 {[#]} Re7 $146 ({Predecessor:} 16... h5 17. Ne2 h4 18. Nf4 hxg3 19. hxg3 Qd6 20. Ned3 {½-½ (46) Gabriel,C (2581)-Gurevich,M (2629) Bad Godesberg 1999}) 17. Nd3 Ne8 18. b4 a6 19. Qb3 Nd6 20. a4 b5 $1 21. Nc5 Qe8 22. Ra1 Rd8 23. axb5 axb5 24. Ra7 h5 {Accuracy: White = 39%, Black = 44%.} 1/2-1/2

[Event "Selfoss Chess Festival 2019"]
[Site "Selfoss"]
[Date "2019.11.27"]
[Round "7.1"]
[White "Zhigalko, Sergei"]
[Black "Gretarsson, Helgi Ass"]
[Result "1-0"]
[WhiteElo "2574"]
[BlackElo "2415"]
[Annotator "TA"]
[PlyCount "83"]
[EventDate "2019.11.19"]
[EventType "tourn"]
[EventCountry "ISL"]
[SourceTitle "playchess.com"]
[Source "ChessBase"]
[SourceQuality "1"]

{[%evp 19,83,18,60,35,31,22,45,44,54,44,55,27,54,28,51,33,47,43,31,0,80,68,56,45,52,57,41,14,58,52,50,18,50,37,45,12,41,0,47,47,44,29,70,46,78,76,152,136,360,358,355,337,474,440,460,444,616,616,616,616,657,606,956,928,12838,12838]} 1. e4 e5 2. Nf3 Nc6 3. Bb5 g6 4. O-O Bg7 5. c3 a6 6. Ba4 d6 7. d4 Bd7 8. Bg5 f6 9. Be3 Nh6 10. dxe5 dxe5 11. Nbd2 {C76: Ruy Lopez: Deferred Steinitz: 5 c3 Bd7 6 d4 g6} (11. Bc5 Bf8 12. Bxf8 Kxf8 13. Qd2 Nf7 14. Rd1 Be8 15. Qxd8 Ncxd8 16. Bxe8 Kxe8 17. Nbd2 Nd6 18. Ne1 a5 {½-½ (29) Harikrishna,P (2744)-Mamedyarov,S (2799) Riadh 2017}) 11... Nf7 12. Bb3 b6 $146 ({Predecessor:} 12... Qe7 13. Bd5 O-O 14. b4 Kh8 15. Qb3 b6 16. a4 Rab8 17. Qc4 Nd6 18. Qxa6 f5 19. exf5 gxf5 {0-1 (32) Zhigalko,S (2641)-Van Foreest,J (2629) Riadh 2017}) 13. Bd5 {White is slightly better.} O-O 14. b4 Rb8 15. Qe2 Qc8 16. Rfd1 Kh8 17. a4 {[%cal Ba2a4,Ba4b5][%mdl 32]} f5 {[#] Strongly threatening ...f4.} 18. b5 axb5 {White must now prevent ...f4.} 19. axb5 Na5 (19... Ne7 $11 {remains equal.} 20. Bxf7 Rxf7) 20. Bc5 $16 Nd6 21. Bxd6 cxd6 22. c4 Bh6 23. Ra3 Qc5 24. Rd3 Rbc8 25. h3 Qb4 26. Rb1 Qc5 27. Rc3 Rc7 28. Rd3 Rcc8 {[%cal Ra5c4]} 29. h4 Qc7 30. Rd1 Qd8 31. exf5 gxf5 {[#] Black wants to play ...e4.} 32. Nxe5 $1 Qe8 (32... dxe5 $142 33. Be6 Qe7 34. Bxd7 Rc7) 33. Bf7 $1 {[%cal Rf7e8]} Rxf7 $2 (33... Qxe5 $16 34. Qxe5+ dxe5 35. Rxd7 Bxd2) 34. Nxf7+ $18 Qxf7 35. Rxd6 {[%mdl 64] Double Attack} Re8 (35... Bf8 $142 36. Rxb6 Be8) 36. Qd3 {White is clearly winning.} Be6 37. Rxb6 Bxd2 38. Qxd2 Nxc4 39. Qd4+ Kg8 40. Ra6 f4 41. Re1 f3 42. Rexe6 {Accuracy: White = 54%, Black = 31%.} 1-0

[Event "Selfoss Chess Festival 2019"]
[Site "Selfoss"]
[Date "2019.11.27"]
[Round "7.2"]
[White "Steingrimsson, Hedinn"]
[Black "Stefansson, Hannes"]
[Result "1-0"]
[WhiteElo "2549"]
[BlackElo "2546"]
[Annotator "TA"]
[PlyCount "69"]
[EventDate "2019.11.19"]
[EventType "tourn"]
[EventCountry "ISL"]
[SourceTitle "playchess.com"]
[Source "ChessBase"]
[SourceQuality "1"]

{[%evp 9,69,0,-1,4,-2,5,2,1,-2,0,15,12,19,25,31,34,31,33,31,23,65,56,46,45,160,167,195,154,231,237,325,345,333,315,459,447,366,131,149,59,56,58,104,106,109,93,339,68,76,85,74,73,71,41,295,28,640,640,627,615,602,602]} 1. d4 Nf6 2. c4 e6 3. Nc3 Bb4 4. e3 O-O 5. Nge2 c6 (5... d5 6. a3 Bd6 7. c5 Be7 8. Ng3 c6 9. Bd2 b6 10. b4 Nbd7 11. Be2 a5 12. O-O Ba6 13. Qc2 Qc7 14. h3 Ra7 15. Rab1 axb4 16. axb4 {½-½ (57) Yu,Y (2736)-Grischuk,A (2766) Riga 2019}) 6. a3 {E46: Nimzo-Indian: Rubinstein: 4 e3 0-0 5 Ne2 without early Bd3} Ba5 7. c5 d5 8. cxd6 {The position is equal.} Qxd6 9. b4 Bb6 10. Bb2 Rd8 $146 ({Predecessor:} 10... Nbd7 11. g3 a5 12. b5 c5 13. Na4 cxd4 14. Nxd4 {1-0 (34) Gupta,A (2617)-Deac,B (2578) Budapest 2018}) 11. Ng3 e5 12. dxe5 $1 Qxe5 13. Qc2 {Threatens to win with Nce4.} Qe7 14. Bd3 a5 15. O-O Bc7 16. Nce4 Ng4 (16... Nxe4 $14 17. Bxe4 h6) 17. h3 $1 $16 {[%cal Rh3g4]} Ne5 18. Be2 $1 Ng6 (18... f6 $16 19. b5 cxb5) 19. Nh5 $1 $18 Be5 20. Bxe5 $1 ({Not} 20. f4 Bxb2 21. Qxb2 f6 $16) 20... Nxe5 21. f4 Ned7 {[#]} (21... Ng6 $142 22. Bc4 b5) 22. Bc4 $1 g6 {[#]} 23. Ng5 $2 (23. Bxf7+ $1 $18 Qxf7 24. Ng5) 23... Rf8 $16 24. Rab1 (24. bxa5 $16 Na6 25. Rf3) 24... axb4 $14 25. axb4 $40 {[%mdl 128] White mounts an attack.} Nf6 26. Nxf6+ Qxf6 27. e4 Qe7 $2 (27... Na6 $16) 28. Rfe1 $2 (28. Nxf7 $18 {Hoping for Ng5+.} b5 29. Qc3 (29. Nh6+ Kg7 $15) 29... Rxf7 30. Bxf7+ Qxf7 31. Rbd1) 28... Na6 29. b5 cxb5 30. Rxb5 {Black must now prevent Nxf7.} Nc7 31. Re5 Qf6 $2 {[%mdl 8192]} (31... Be6 $14) 32. Qc1 $2 (32. Bxf7+ $18 Rxf7 33. Nxf7 Qxf7 34. Rc5) 32... h6 $2 {[%mdl 8192]} (32... Ne6 $11) 33. Bxf7+ $18 {White is clearly winning.} Rxf7 34. Nxf7 Qxf7 35. Rc5 {Accuracy: White = 51%, Black = 28%.} 1-0